A propósito del ALCA /

Guardat en:
Dades bibliogràfiques
Autor principal: Ballón Echegaray, Eduardo
Autor corporatiu: ALOP
Altres autors: Mello, Fátima Alemny, Cecilia Acosta, alberto Campolina, Adriano Souza, Raquel Espino, Alma Catañeda Bustamante, Norma
Format: Text
Publicat: San José: ALOP
Matèries:
Etiquetes: Afegir etiqueta
Sense etiquetes, Sigues el primer a etiquetar aquest registre!

MARC

LEADER 00000 a a2200000 04500
001 34472
003
040
020 |a 9968-930-00-8  
090 |a 0001 A837a  
100 |a Ballón Echegaray, Eduardo  
110 |a ALOP  
245 |a A propósito del ALCA /  |c Eduardo Ballón Echegaray 
260 |a San José:   |b ALOP  
300 |a 175 p.  
650 |a INTEGRACION ECONOMICA  
650 |a ACUERDOS INTERNACIONALES  
650 |a MERCOSUR  
650 |a AMERICA DEL SUR  
700 |a Mello, Fátima   |a Alemny, Cecilia   |a Acosta, alberto   |a Campolina, Adriano   |a Souza, Raquel   |a Espino, Alma   |a Catañeda Bustamante, Norma  
999 |c 10350  |d 10350